LOTR: Trinkets of Middle-Earth: the Palantíri - Statistics

General Stats
  • This quiz has been taken 49 times
  • The average score is 7 of 9
Answer Stats
Answer % Correct
Orthanc
94%
Minas Tirith
91%
Minas Ithil
80%
Osgiliath
80%
Barad-dûr
74%
Amon Sûl
69%
Annúminas
69%
Elostirion
54%
Fornost
54%
No matching quizzes found
Score Distribution
Percent of People with Each Score
Percentile by Number Answered
Your Score History
You have not taken this quiz